Estudos de direito econômico / (Record no. 250)
[ view plain ]
| 000 -LÍDER | |
|---|---|
| Campo Fixo de Controle | 00716cam a2200253 a 4500 |
| 001 - NÚMERO DE CONTROLE | |
| Campo de Controle | 250 |
| 003 - IDENTIFICAÇÃO DO NÚMERO DE CONTROLE | |
| Campo de Controle | BR-CuiBMT |
| 005 - DATA E HORA DA ÚLTIMA ATUALIZAÇÃO | |
| Campo de Controle | 20231025204421.0 |
| 008 - DADOS FIXOS | |
| Dados Fixos | 230913s2010 mgb 000 0 por d |
| 020 ## - INTERNATIONAL STANDARD BOOK NUMBER | |
| Nº do ISBN | 9788577003716 (v.2) |
| 040 ## - AGÊNCIA CATALOGADORA | |
| Código da Agência Catalogadora | BR-CuiBMT |
| Agência que transcreveu o registro | BR-CuiBMT |
| 080 ## - Nº DA CLASSIFICAÇÃO DECIMAL UNIVERSAL | |
| Nº edição CDU | 2007 |
| Nº Class. CDU | 34:33 |
| 090 ## - NÚMERO DE CHAMADA | |
| Nº classificação | 34:33 |
| Cutter | C965e |
| 100 10 - ENTRADA PRINCIPAL -- AUTOR PESSOAL | |
| Nome pessoal | Cuéllar, Leila |
| 245 10 - TÍTULO PRINCIPAL | |
| Título principal | Estudos de direito econômico / |
| Indicação de responsabilidade | Leila Cuéllar, Egon Bockmann Moreira. |
| 260 ## - PUBLICAÇÃO, DISTRIBUIÇÃO, ETC. | |
| Local de publicação | Belo Horizonte : |
| Editora | Fórum, |
| Data | 2010. |
| 300 ## - DESCRIÇÃO FÍSICA | |
| N. páginas ou volumes | 2 v. ; |
| Dimensões | 22 cm |
| 504 ## - NOTA DE BIBLIOGRAFIA, ETC. | |
| Nota de bibliografia | Inclui bibliografia. |
| 650 ## - ASSUNTO TÓPICO | |
| Cabeçalho tópico ou nome geográfico | Direito econômico |
| 650 ## - ASSUNTO TÓPICO | |
| Cabeçalho tópico ou nome geográfico | Responsabilidade civil |
| 650 ## - ASSUNTO TÓPICO | |
| Cabeçalho tópico ou nome geográfico | Administração pública |
| 700 1# - ENTRADA SECUNDÁRIA -- NOME PESSOAL | |
| Nome pessoal | Moreira, Egon Bockmann |
| 942 ## - ELEMENTOS DE ENTRADA ADICIONAIS (KOHA) | |
| Fonte de classificação ou esquema de arquivamento | Classificação Decimal Universal |
| Tipo de item do Koha | Livros |
| Estado: removido | Estado: perdido | Fonte de classificação ou esquema de arquivamento | Estado: danificado | Indisponível para empréstimo | Localização permanente | Localização atual | Data de aquisição | Numeração serial ou cronológica (Volume) | Total Checkouts | Número de Chamada completo | Código de barras | Date last seen | Número do exemplar | Preço efetivo a partir de | Tipo de item (Koha) |
|---|---|---|---|---|---|---|---|---|---|---|---|---|---|---|---|
| Classificação Decimal Universal | Biblioteca da Escola Superior de Contas do TCE/MT | Biblioteca da Escola Superior de Contas do TCE/MT | 28/06/2023 | v. 2 | 34:33 C965e | BIBTCEMT23090033 | 13/09/2023 | Ex. 1 | 13/09/2023 | Livros |